000 00984nam a22003137a 4500
003 CHAP
005 20220329143459.0
008 100115s2004 mx r 00010 spa d
010 _a97297
011 _a98269
020 _a9709833111
035 _a108953
040 _cCHAP
082 0 4 _a305
_bR618
100 1 _aRodríguez Zepeda, Jesús.
_998975
245 1 1 _a¿Qué es la discriminación y cómo combatirla?
_c/por Jesús Rodríguez Zepeda
260 _aMéxico, D.F. :
_bCONAPRED,
_cc2004
300 _a61 p.
490 0 _aCuadernos de la igualdad
_v; 2
590 _aBATCH-UPD
_b10
_c20130110
_lUCH01
_h1349
590 _aBATCH-UPD
_b10
_c20130410
_lUCH01
_h0846
590 _aBATCH-UPD
_b10
_c20130914
_lUCH01
_h1109
590 _aCONVERSION
_b10
_c20130109
_lUCH01
_h1354
650 1 4 _aDiscriminación.
_932713
830 0 _aCuadernos de la igualdad
_v; 2
_929804
901 _aBK
942 _cLIBRO
949 _a305 R618
_bBC
_cLIBRO
_d33724002129421
_eLIBRO
_h111590
_i108953
_sb
999 _c97297
_d97297